000 00400nam a2200157Ia 4500
008 240729s9999 xx 000 0 und d
022 _a2549-5747
245 0 _aJurnal Sylva Lestari
260 _aIndonesia
260 _bUniversitas Lampung
650 _a Forestry
650 _aAgriculture
856 _uhttps://doaj.org/toc/0c24ca7798be4b1b82f1b8912da64e48
942 _2ddc
942 _cDOAJEJ
999 _c73158
_d73158
945 _a1
_bMadushi Gamage
_c1
_dMadushi Gamage